Które państwo jest bliżej...? - Statystyki

Ogólne statystyki
  • Ten quiz został rozwiązany 106 razy
    83 od ostatniego zresetowania
  • Średni wynik to 10 z 15
Statystyki odpowiedzi
Zagadnienie Odpowiedź % Poprawnych
Rosja czy Ukraina które państwo jest bliżej Czech? Ukraina
100%
Czechy czy Austria które państwo jest bliżej Francji? Austria
96%
Tunezja czy Włochy które państwo jest bliżej Turcji? Włochy
89%
Wenezuela czy Kolumbia które państwo jest bliżej Antigui i Barbudy? Wenezuela
79%
Norwegia czy Islandia które państwo jest bliżej Wielkiej Brytanii? Norwegia
75%
Bahrajn czy Katar które państwo jest bliżej Iraku? Bahrajn
71%
Izrael czy Egipt które państwo jest bliżej Cypru? Izrael
71%
Uganda czy Kenia które państwo jest bliżej Burundi? Uganda
68%
Zimbabwe czy Botswana które państwo jest bliżej Lesotho? Botswana
57%
Dania czy Szwecja które państwo jest bliżej Polski? Dania
54%
Indie czy Bangladesz które państwo jest bliżej Indonezji? Indie
54%
Mali czy Senegal które państwo jest bliżej Sierra Leone? Mali
50%
Stany Zjednoczone czy Meksyk które państwo jest bliżej Kuby? Meksyk
46%
Fidżi czy Tuvalu które państwo jest bliżej Papui-Nowej Gwinei? Tuvalu
46%
Bośnia i Hercegowina czy Czarnogóra które państwo jest bliżej Watykanu? Czarnogóra
14%
Nie znaleziono quizów pasujących do podanych kryteriów
Rozkład punktacji
Procent ludzi z każdym wynikiem
Percentyl według liczby udzielonych odpowiedzi
Twoja historia wyników
Nie rozwiązałeś tego quizu od ostatniego zresetowania